Crossing Borders with Letter Hints - Statistics

General Stats
  • This quiz has been taken 171 times
    115 since last reset
  • The average score is 18 of 20
Answer Stats
Letter hint Country % Correct
Bordering Egypt - L Libya
100%
A Algeria
96%
M Morocco
92%
A Andorra
89%
F France
89%
G Germany
89%
S Spain
89%
A Austria
88%
C Czech Republic
88%
S Slovakia
88%
S Switzerland
88%
B Belarus
87%
R Russia
87%
U Ukraine
87%
G Georgia
86%
P Poland
86%
I Israel
84%
L Liechtenstein
84%
S Syria
84%
T Turkey
84%
No matching quizzes found
Score Distribution
Percent of People with Each Score
Percentile by Number Answered
Your Score History
You have not taken this quiz since the last reset